| 000 | 00714cam a22002531 4500 | ||
|---|---|---|---|
| 001 | sa 68008084 | ||
| 003 | DLC | ||
| 005 | 20260227112528.0 | ||
| 008 | 950217s1968 ii c 000 0 tamo | ||
| 010 | _asa 68008084 | ||
| 025 | _aPL480:I-T-2297 | ||
| 035 | _a(OCoLC)32009662 | ||
| 040 |
_aDLC _cCU _dCU _dDLC |
||
| 050 | 0 | 0 |
_aPL4759 _b.A4 1968 |
| 100 | 0 | _aAmitacākarar. | |
| 245 | 1 | 0 | _aAmitacākarar arul̲icceyta Yāpparuṅkalak kārikai. |
| 260 | _c[1968] | ||
| 300 |
_aviii, 256 p. _bport. _c19 cm. |
||
| 500 | _aIn Tamil. | ||
| 650 | 0 |
_aTamil language _xVersification. |
|
| 700 | 0 | _aKuṇacākarar. | |
| 700 | 2 |
_aVēṇukōpāla Piḷḷai, Me. Vī., _d1896- |
|
| 740 | 0 | _aYāpparuṅkalak kārikai. | |
| 999 |
_c82230 _d82230 |
||